Bài giảng chọn giống và sản xuất hạt giống cây trồng Mã môn học: AQ 4157

Αποθηκεύτηκε σε:
Λεπτομέρειες βιβλιογραφικής εγγραφής
Κύριος συγγραφέας: Võ, Thị Phượng (Chủ biên)
Άλλοι συγγραφείς: Trần, Thị Cẩm Tú (Chủ biên)
Μορφή: Βιβλίο
Έκδοση: Đồng Tháp Trường Đại học Đồng Tháp 2019
Θέματα:
Ετικέτες: Προσθήκη ετικέτας
Δεν υπάρχουν, Καταχωρήστε ετικέτα πρώτοι!
Thư viện lưu trữ: Trung tâm Học liệu Lê Vũ Hùng, Trường Đại học Đồng Tháp
LEADER 01208pam a22002898a 4500
001 00044276
005 20200819090858.0
008 170215s2015 ||||||Viesd
020 # # |c 24000đ 
041 0 # |a Vie 
082 1 4 |b B103GI  |a 631.507 1 
100 1 # |e Chủ biên  |a Võ, Thị Phượng 
245 1 0 |c Võ Thị Phượng; Trần Thị Cẩm Tú (Chủ biên)  |b Mã môn học: AQ 4157  |a Bài giảng chọn giống và sản xuất hạt giống cây trồng 
260 # # |b Trường Đại học Đồng Tháp  |c 2019  |a Đồng Tháp 
300 # # |a 165 tr.  |c 30 cm 
500 # # |a ĐTTS ghi: Trường Đại học Đồng Tháp 
653 # # |a Bài Giảng 
653 # # |a Sản xuất 
653 # # |a Nuôi trồng 
653 # # |a Chọn giống 
653 # # |a Công trình 
653 # # |a Hạt giống 
653 # # |a Kỹ thuật 
700 1 # |e Chủ biên  |a Trần, Thị Cẩm Tú 
852 # # |j KGT.0057131  |j KGT.0057132  |j KGT.0057133  |j KGT.0057134  |j KGT.0057135  |j KGT.0057136  |j KGT.0057137  |j KGT.0057138  |j KGT.0057139  |j KGT.0057140  |j KD.0025985 
910 # # |d 6/6/2019 
980 # # |a Trung tâm Học liệu Lê Vũ Hùng, Trường Đại học Đồng Tháp